1935 1091 1792 1696 1166 1048 1896 1987 1492 1233 1057 1304 1047 1032 1104 1106 1552 1371 1637 1182 1369 1792 1553 1301 1406 1246 1383 1933 1776 1780 1195 1920 1085 1091 1358 1525 1505 1992 1095 1101 1829 1966 1899 1642 1863 1556 1308 1806 1766 1115 1171 1851 1958 1734 1135 1554 1184 1175 1417 1758 1239 1338 1789 1942 1042 1679 1697 1891 1372 1707 1460 1472 1781 1727 1465 1478 1798 1251 1962 1141 1249 1218 1350 1601 1734 1229 1569 1838 1349 1548 1048 1517 1843 1434 1962 1809 1396 1157 1135 BCNSPRNW ULIB Ver.6.0+V

เปลี่ยนเป็นภาษาไทย

Change to English
 แสดงรายละเอียดบรรณานุกรม
  กลับหน้าหลัก

Brief Record : Get Marc (ISO 2709) : E-mail record : QR code < ปิดหน้าต่าง
LEADER : 00000nam 2200000uu 4500
001    13399114427
003     ULIB
008    110627s||||||||th 000 0 tha d
020    9786167430089
098    นว.^bช324บ
100 0  ช่อศลาญา
245 00 บุพเพเล่ห์ทราย/^cช่อศลาญา
250    พิมพ์ครั้งที่ 1
260    กรุงเทพฯ :^bSimply Book-Love&Desire,^c2554
300    426 หน้า
710 1  Simply Book-Love&Desire
945    ^p295^l0^i031537
995    ทศพร
999 ^a ใช้งานได้ทุกระบบ
รายการนี้ยังไม่มีแท็ก
คุณยังไม่ได้ล็อกอิน คุณสามารถมีกิจกรรมร่วมกับเว็บไซต์ได้ แต่ต้องล็อกอินก่อน ::
  ล็อกอิน

รายการสื่อสารสนเทศ

ลำดับที่ ประเภท เลขเรียก/บาร์โค้ด สถานที่ สถานะ
1. นวนิยาย
นวนิยาย
 ฉ.1 
  Barcode: 031537
ห้องสมุดวิทยาเขตสวรรค์ประชารักษ์
►นวนิยาย
บนชั้น
  ขอยืม

BibComment


ยังไม่เคยถูกคอมเมนท์

คอมเมนท์ทรัพยากรรายการนี้
  คอมเมนท์: บุพเพเล่ห์ทราย ช่..


 Copyright 2026. Bcnsprnw @Library